Employee Training to Increase Digital Literacy

Zámerom nášho výskumu bolo preskúmať obsah a rozsah vzdelávania (uvedený v hodinách) na zvýšenie digitálnej gramotnosti potrebnej pre výkon povolania, kde sme skúmali vybrané formy vzdelávania. Výskum bol realizovaný dotazníkovým prieskumom. Cieľom príspevku bolo poukázať na dôležitosť rôznych oblas...

Descrizione completa

Salvato in:
Dettagli Bibliografici
Autore principale: Matulčíková, Marta, 1964-
Altri autori: Hamranová, Anna, 1957-, Mišún, Juraj, 1978-, Mišúnová Hudáková, Ivana, 1976-
Natura: Capitolo di libro
Lingua:inglese
Soggetti:
Tags: Aggiungi Tag
Nessun Tag, puoi essere il primo ad aggiungerne!!

MARC

LEADER 00000naa a2200000 4500
001 0307501
005 20250520074500.1
041 0 |a eng 
044 |a CZ 
245 1 0 |a Employee Training to Increase Digital Literacy  |c Marta Matulčíková, Anna Hamranová, Juraj Mišún, Ivana Mišúnová Hudáková 
520 |a Zámerom nášho výskumu bolo preskúmať obsah a rozsah vzdelávania (uvedený v hodinách) na zvýšenie digitálnej gramotnosti potrebnej pre výkon povolania, kde sme skúmali vybrané formy vzdelávania. Výskum bol realizovaný dotazníkovým prieskumom. Cieľom príspevku bolo poukázať na dôležitosť rôznych oblastí vzdelávania pri rozvoji digitálnych vedomostí a zručností a odporučiť preferované formy vzdelávania v jednotlivých oblastiach digitálnej gramotnosti. Z výsledkov výskumu vyplýva, že zamestnanci v našej výskumnej vzorke najviac využívali sebavzdelávanie, nasledované rovesníckym vzdelávaním. Organizované učenie sa využívalo len minimálne. Štatistická významnosť bola preukázaná v prípade sebavzdelávania v rôznych obsahových oblastiach digitálnej gramotnosti. Pre rozdiel vo formách vzdelania od pôvodného vzdelania alebo od súčasnej pracovnej pozície sa štatistická významnosť nepreukázala. 
610 2 0 |a gramotnosť digitálna 
610 2 0 |a režim pracovný 
610 2 0 |a vzdelávanie zamestnancov 
610 2 0 |a zamestnanci 
100 1 |a Matulčíková, Marta, 1964- 
700 1 |a Hamranová, Anna, 1957- 
700 1 |a Mišún, Juraj, 1978- 
700 1 |a Mišúnová Hudáková, Ivana, 1976-